Carcinogen risk assessment : new directions in the qualitative and quantitative aspects /
Saved in:
| Other Authors: | , |
|---|---|
| Format: | Book |
| Language: | English |
| Published: |
Cold Spring Harbor, N.Y. :
Cold Spring Harbor Laboratory,
1988.
|
| Series: | Banbury report ;
31. |
| Subjects: | |
| Tags: |
Add Tag
No Tags, Be the first to tag this record!
|
| LEADER | 01300pam a2200361 a 4500 | ||
|---|---|---|---|
| 001 | 001596170-2 | ||
| 005 | 20020606090541.3 | ||
| 008 | 880204s1988 nyua b 00100 eng | ||
| 010 | |a 88001702 | ||
| 020 | |a 0879692316 | ||
| 035 | 0 | |a ocm17621566 | |
| 040 | |a DLC |c DLC |d HMS | ||
| 050 | 0 | |a RC268.65 |b .C366 1988 | |
| 060 | 0 | 0 | |a W3 |b BA19 v.31 1988 |
| 060 | 1 | 0 | |a QZ 202 |b C26405 1988 |
| 082 | 0 | |a 616.99/4071 |2 19 | |
| 245 | 0 | 0 | |a Carcinogen risk assessment : |b new directions in the qualitative and quantitative aspects / |c edited by Ronald W. Hart, Fred D. Hoerger. |
| 260 | 0 | |a Cold Spring Harbor, N.Y. : |b Cold Spring Harbor Laboratory, |c 1988. | |
| 300 | |a xv, 359 p. : |b ill. ; |c 24 cm. | ||
| 490 | 1 | |a Banbury report ; |v 31 | |
| 504 | |a Includes bibliographies and indexes. | ||
| 650 | 2 | |a Carcinogenicity Tests. | |
| 650 | 2 | |a Health Status Indicators. | |
| 650 | 2 | |a Risk Factors. | |
| 650 | 0 | |a Carcinogenicity testing. | |
| 650 | 0 | |a Health risk assessment. | |
| 650 | 0 | |a Carcinogens |x Structure-activity relationships. | |
| 700 | 1 | |a Hart, Ronald W. | |
| 700 | 1 | |a Hoerger, Fred D. | |
| 776 | 0 | 8 | |i Online version: |t Carcinogen risk assessment. |d Cold Spring Harbor, N.Y. : Cold Spring Harbor Laboratory, 1988 |w (OCoLC)577456218 |
| 830 | 0 | |a Banbury report ; |v 31. | |
| 988 | |a 20020608 | ||
| 906 | |0 DLC | ||


